| Поле | Инд. | ПП | Название | Значение |
|---|---|---|---|---|
| Тип записи | a | |||
| Библиографический уровень | m | |||
| 001 | Контрольный номер | RU/LIBMSTU/444818423 | ||
| 005 | Дата корректировки | 20171117103424.9 | ||
| 008 | Кодируемые данные | 140204|||||||||ru |||||||||||000|||rus|| | ||
| 020 | a | ISBN | 978-5-4222-0208-9 | |
| 040 | b | Код языка каталог. | rus | |
| 041 | 0_ | a | Код языка текста | rus |
| 084 | a | Индекс другой классификации/Индекс ББК | 74.484+74.40+74.00 | |
| 090 | a | Полочн. индекс | 74.48 | |
| x | Авторский знак | С 56 | ||
| 245 | 10 | a | Заглавие | Современное образование: Проблемы. Тенденции. Инновации |
| b | Продолж. заглавия | учеб. пособие для вузов | ||
| c | Ответственность | под ред. Д. Г. Левитеса | ||
| 260 | a | Место издания | Мурманск | |
| b | Издательство | Изд-во МГГУ | ||
| c | Дата издания | 2013 | ||
| 300 | a | Объем | 264 с. | |
| 504 | a | Библиография | Библиогр. в конце ст. | |
| 583 | x | Служебное примечание | Гуманитар. специальности. ВПО | |
| 650 | 04 | a | Основная рубрика | Образование-Учебные издания для высших учебных заведений |
| 653 | 0_ | a | Ключевые слова | Воспитательная работа; Инновации в образовании; Непрерывное профессиональное образование; Образование современное; Образование профессиональное; Учебный процесс; Школа |
| 700 | 12 | a | Другие авторы | Левитес Д. Г. |
| e | Роль лиц | авт.-ред. | ||
| 901 | t | Тип документа | m | |
| 952 | b | Гриф литературы для ВШ | Рекомендовано Учебно-метод. советом МГГУ | |
| c | Вид литературы | учебное пособие |